engineering graphic fundamentals, 2/e (Record no. 273615)
[ view plain ]
| 000 -LEADER | |
|---|---|
| fixed length control field | 00276 a2200121 4500 |
| 001 - CONTROL NUMBER | |
| control field | 38542 |
| 082 ## - DEWEY DECIMAL CLASSIFICATION NUMBER | |
| Classification number | 604.2EID |
| 090 ## - LOCALLY ASSIGNED LC-TYPE CALL NUMBER (OCLC); LOCAL CALL NUMBER (RLIN) | |
| -- | 24446 |
| -- | 24446 |
| 100 ## - MAIN ENTRY--PERSONAL NAME | |
| Personal name | Eide A.R |
| 245 ## - TITLE STATEMENT | |
| Title | engineering graphic fundamentals, 2/e |
| 250 ## - EDITION STATEMENT | |
| Edition statement | 2 |
| 260 ## - PUBLICATION, DISTRIBUTION, ETC. | |
| Place of publication, distribution, etc. | Singapore |
| Name of publisher, distributor, etc. | McGraw Hill |
| Date of publication, distribution, etc. | 1996 |
| 942 ## - ADDED ENTRY ELEMENTS (KOHA) | |
| Institution code [OBSOLETE] | NUST-CAE |
| Call number prefix | 604.2EID |
| Withdrawn status | Lost status | Damaged status | Not for loan | Collection code | Permanent Location | Current Location | Date acquired | Total Checkouts | Full call number | Barcode | Date last seen | Price effective from | Koha item type |
|---|---|---|---|---|---|---|---|---|---|---|---|---|---|
| College of Aeronautical Engineering (CAE) | College of Aeronautical Engineering (CAE) | 04/03/2017 | 604.2EID | CAE68803 | 04/05/2017 | 04/05/2017 | Book |
